| 000 | 00356nam a22001457a 4500 | ||
|---|---|---|---|
| 003 | OSt | ||
| 020 | _a0764546996 | ||
| 040 | _c0 | ||
| 082 |
_222 _a005.7585 |
||
| 100 | _aChelack, Stephen | ||
| 245 | _aOracle 8i and microsoft SQL server 2000 integration / | ||
| 260 |
_aCanada, _bM and T Book, _cc2000. |
||
| 300 |
_axxii, 547 p. ; _bill. ; |
||
| 942 |
_2ddc _cIT |
||
| 999 |
_c4388 _d4388 |
||